| 000 | 00000nam##2200000za#4500 |
| 001 | 9.695436 |
| 003 | CaOODSP |
| 005 | 20210624234557 |
| 007 | cr ||||||||||| |
| 008 | 150407|2001||||xxc|||||o f|0| 0 eng|d |
| 040 | |aCaOODSP|beng |
| 043 | |an-cn--- |
| 086 | 1 |aM92-201/2000E-PDF |
| 110 | 1 |aCanada.|bNatural Resources Canada. |bOffice of Energy Efficiency. |
| 245 | 14|aThe Federal Buildings Initiative : |h[electronic resource]|ban executive overview |
| 260 | |aOttawa - Ontario : |bNatural Resources Canada. |cc2001. |
| 300 | |a18p.|breferences |
| 500 | |a"This overview explain the Federal Building Initiative (FBI). In general terms, its purpose is to give executives the information necessary to understand the Initiative - its environmental benefits, financial advantages, and certain key aspects of its implementation."--Introduction, p.6 of 18. |
| 500 | |aThe catalogue number (M92-201/2000E) and ISBN (0-662-29318-5) for the print edition have been incorrectly copied in this electronic publication. |
| 520 | 3 |aThis overview explain the Federal Building Initiative (FBI). In general terms, its purpose is to give executives the information necessary to understand the Initiative - its environmental benefits, financial advantages, and certain key aspects of its implementation.--Introduction, p.6 of 18. |
| 590 | |a12-15-Supp|b2012-04-13 |
| 690 | 07|aEnergy efficiency|2gcpds |
| 690 | 07|aFederal government|2gcpds |
| 690 | 07|aPublic administration|2gcpds |
| 690 | 07|aContracting|2gcpds |
| 775 | 08|tL'Initiative des bâtiments fédéraux : |w(CaOODSP)9.639572 |
| 776 | 0#|tThe federal buildings initiative : |w(CaOODSP)9.647866 |
| 856 | 40|ahttp://publications.gc.ca|qPDF|s1.62 MB|uhttps://publications.gc.ca/collections/Collection/M92-201-2000E.pdf |